00646nam a22001457a 4500020002200000082001500022100001900037245003900056246007500095250001100170260003500181300000800216520026100224650001500485 a978-93-5543-135-6 a158bNGU/D aNGUYEN, JOSEPH aDON'T BELIEVE EVERYTHING YOU THINK aDON'T BELIEVE EVERYTHING YOU THINKbDON'T BELIEVE EVERYTHING YOU THINK aTWELTH aINDIAbMANJUL PUBLISHINGc2024 a167 aDon't Believe Everything You Think' uncovers the core of psychological suffering and offers insights to effortlessly shape the life you crave. Learn to detach from negativity, embrace love and joy, escape negative thought cycles, and tap into inner wisdom. aPSYCHOLOGY